书目信息 |
| 题名: |
非稳态燃烧室物理学
|
|
| 作者: | 刘雯 ;孙明波 , 樊超 译 | |
| 分册: | ||
| 出版信息: | 北京 国防工业出版社 2017.2 |
|
| 页数: | 426页 | |
| 开本: | 24cm | |
| 丛书名: | ||
| 单 册: | ||
| 中图分类: | O551.2 | |
| 科图分类: | ||
| 主题词: | 燃烧物理学 | |
| 电子资源: | ||
| ISBN: | 978-7-118-10986-3 | |
| 000 | 01354nam0 2200301 450 | |
| 001 | 0400004870 | |
| 005 | 20171025111740.0 | |
| 010 | @a978-7-118-10986-3@b精装@dCNY138.00 | |
| 100 | @a20170427d2017 em y0chiy50 ea | |
| 101 | 1 | @achi@ceng |
| 102 | @aCN@b110000 | |
| 105 | @aa z 000yy | |
| 106 | @ar | |
| 200 | 1 | @a非稳态燃烧室物理学@9fei wen tai ran shao shi wu li xue@dUnsteady combustor physics@f(美)Tim C. Lieuwen著@g孙明波,樊超译@zeng |
| 210 | @a北京@c国防工业出版社@d2017.2 | |
| 215 | @a426页@c图@d24cm | |
| 300 | @a装备科技译著出版基金 | |
| 305 | @a本书简体中文版由Cambridge university press授权独家出版发行 | |
| 314 | @a蒂姆·C. 刘雯 (Tim C. Lieuwen),佐治亚理工学院航空航天工程学院教授。曾主持编撰了2部专著,撰写了7个章节,发表了200多篇论文,持有3个专利。 | |
| 330 | @a全书共分为12章,第1章介绍本书后续章节将要用到的一些基本控制方程。其余各章可分成三部分。第一部分包括第2~6章,主要讨论燃烧系统中的流动扰动。第二部分包括第7~9章,介绍反应流现象和化学反应动力学。第三部分包括第10~12章,讨论除点火之外的其它瞬态过程和谐振燃烧现象。 | |
| 510 | 1 | @aUnsteady combustor physics@zeng |
| 606 | 0 | @a燃烧物理学 |
| 690 | @aO551.2@v5 | |
| 701 | 0 | @c(美)@a刘雯@9liu wen@c(Lieuwen, Tim C. ) |
| 702 | 0 | @a孙明波@9sun ming bo@4译 |
| 702 | 0 | @a樊超@9fan chao@4译 |
| 801 | 0 | @aCN@b91MARC@c20171025 |
| 905 | @b1039700-3@dO551.2@f4@e50 | |
| 非稳态燃烧室物理学=Unsteady combustor physics/(美)Tim C. Lieuwen著/孙明波,樊超译.-北京:国防工业出版社,2017.2 |
| 426页:图;24cm |
| 装备科技译著出版基金 |
| ISBN 978-7-118-10986-3(精装):CNY138.00 |
| 全书共分为12章,第1章介绍本书后续章节将要用到的一些基本控制方程。其余各章可分成三部分。第一部分包括第2~6章,主要讨论燃烧系统中的流动扰动。第二部分包括第7~9章,介绍反应流现象和化学反应动力学。第三部分包括第10~12章,讨论除点火之外的其它瞬态过程和谐振燃烧现象。 |
| ● |
| 相关链接 |
|
|
|
|
正题名:非稳态燃烧室物理学
索取号:O551.2/50
 
预约/预借
| 序号 | 登录号 | 条形码 | 馆藏地/架位号 | 状态 | 备注 |
| 1 | 1039700 | 210397006 | 第二样本阅览室/ [索取号:O551.2/50] | 在馆 | |
| 2 | 1039701 | 210397015 | 密集书库-物理学院/ [索取号:O551.2/50] | 在馆 | |
| 3 | 1039702 | 210397024 | 第三借阅区/ [索取号:O551.2/50] | 在馆 | |
| 4 | 1039703 | 210397033 | 第三借阅区/ [索取号:O551.2/50] | 在馆 |